00693nam a2200181 a 450000100100000000500170001000800410002702000150006804000250008310000250010824000570013324501080019026000330029830000210033170000360035295201060038899900170049400003554920200930074426.0111103s1975 mx 000 0 spa d a9700510409 aDO-SdBNPbspacBNPHU1 aAphrodite, J.96144810ato turn you on 39 sex fantasies for womenlespañol10aPara excitarlas :b39 fantasías sexuales para mujeres /cJ. Aphrodite ; traductor Agustín Contín. aMéxico :bGrijalbo,c1975. a205 p. ;c23 cm.1 aContín, Agustínetr.945783 0010507-18MOaGRbGRcOId2011-11-03iLF1l0o p35549-10r2020-06-25w2020-06-25y1ZNo se presta c35040d35040